| 000 | 00381cam a2200157ua 4500 | ||
|---|---|---|---|
| 041 |
_aeng _h |
||
| 082 |
_a630.21 _bNOR/AD |
||
| 100 | _aNorman, A G. | ||
| 245 | 0 | 0 |
_aAdvances in agronomy, Vol 5 / _cA G Norman. _hTextual Documents |
| 250 |
_a1 / _b. |
||
| 260 |
_aNew York : _bAcademic Press , _c1953. |
||
| 300 | _a422 ; . | ||
| 504 | _a | ||
| 942 | _cBK | ||
| 999 |
_c10636 _d10636 |
||